000 00462 a2200169 4500
003 OSt
005 20231207134820.0
008 231207b |||||||| |||| 00| 0 eng d
020 _a8189645463
020 _a8189645501
040 _coclc
082 _a954.92
_bSYE/W
245 _aWorld Infopaedia Bangladesh /
260 _aNew Delhi:
_bPragun Publications,
_c2007.
300 _a427p
942 _2ddc
_cBK
_h954.92
_iSYE/W
_k954.92
_mSYE/W
999 _c43741
_d43741